[Event "TCh-SRB Prem 2012"]
[Site "Valjevo SRB"]
[Date "2012.09.17"]
[Round "1.2"]
[White "Bogosavljevic,B"]
[Black "Lajthajm,B"]
[Result "1/2-1/2"]
[WhiteElo "2497"]
[BlackElo "2467"]

1.d4 Nf6 2.c4 e6 3.Nf3 Bb4+ 4.Nbd2 O-O 5.a3 Bxd2+ 6.Bxd2 b6 7.Bg5 Bb7 8.e3 d6
9.Bd3 Nbd7 10.O-O h6 11.Bh4 a5 12.Nd2 Ra7 13.f3 c5 14.Nb1 cxd4 15.exd4 Ba6
16.Nc3 Qa8 17.Rc1 Rc8 18.Ne4 Ne8 19.Qe2 d5 20.cxd5 Rxc1 21.Rxc1 Bxd3 22.Qxd3 Qxd5
23.Rc8 Ra8 24.Nc3 Qb7 25.Rxa8 Qxa8 26.d5 Qc8 27.dxe6 fxe6 28.Bf2 Qc6 29.a4 Nef6
30.h4 Nd5 31.Bd4 Nxc3 32.Bxc3 Qxa4 33.Qd6 Kf7 34.Qg3 e5 35.Bxe5 Nxe5 36.Qxe5 Qc6
37.Qf5+ Kg8 38.Kf2 a4 39.g4 b5 40.g5 g6 41.Qe5 hxg5 42.hxg5 Kf7 43.Kg3 Qb6
44.Kg2 b4 45.Qd5+ Qe6 46.Qb7+ Qe7 47.Qd5+ Kf8 48.Qa8+ Kg7 49.Qxa4 Qxg5+ 50.Kh3 Qf5+
51.Kg2 Qg5+ 52.Kh3 Qf4 53.Qd7+ Kf6 54.Qd8+ Ke6 55.Qg8+ Ke7 56.Qg7+ Qf7 57.Qxf7+ Kxf7
58.Kg4 Ke6 59.Kg5 Ke5  1/2-1/2

[Event "InventiChess IM 2012"]
[Site "Antwerp BEL"]
[Date "2012.09.19"]
[Round "6.2"]
[White "Meng,R"]
[Black "Soors,S"]
[Result "1/2-1/2"]
[WhiteElo "2277"]
[BlackElo "2368"]

1.d4 Nf6 2.Nf3 e6 3.c4 Bb4+ 4.Nbd2 O-O 5.a3 Be7 6.e3 b6 7.Bd3 Bb7 8.e4 d5
9.cxd5 exd5 10.e5 Nfd7 11.h4 Ba6 12.Bb1 c5 13.Ng5 g6 14.Ndf3 Nc6 15.h5 Nxd4
16.Nxd4 cxd4 17.Nxh7 Nxe5 18.Nxf8 Bxf8 19.hxg6 Qe8 20.gxf7+ Nxf7+ 21.Kd2 Bg7
22.Qf3 Rd8 23.Bh7+ Kf8 24.Bg6 Rd7 25.Re1 Qb8 26.Kd1 Qd6 27.Bd3 Bc4 28.Bf4 Qf6
29.Qg4 Qc6 30.Rc1 Qb5 31.Bxc4 dxc4 32.Qe2 Qb3+ 33.Rc2 Be5 34.Bh6+ Ke7 35.Qxc4 Qxc4
36.Rxc4 Kd6 37.Bd2 Kd5 38.b3 Nd6 39.Rc1 Rg7 40.f4 Bf6 41.Rg1 Rg3 42.Kc2 d3+
43.Kd1 Bd4 44.Rh1 Rxg2 45.Rh5+ Ke4 46.Rc6 Rg1+ 47.Be1 Bf2 48.Rxd6 Rxe1+ 49.Kd2 Re2+
50.Kd1 Re1+ 51.Kd2 Re2+ 52.Kd1 Re1+ 53.Kd2 Re2+  1/2-1/2

[Event "Caissa GM Sept 2012"]
[Site "Kecskemet HUN"]
[Date "2012.09.20"]
[Round "7.2"]
[White "Ashwin,J"]
[Black "Ilincic,Z"]
[Result "1/2-1/2"]
[WhiteElo "2473"]
[BlackElo "2450"]

1.d4 Nf6 2.c4 e6 3.Nf3 Bb4+ 4.Nbd2 O-O 5.a3 Bxd2+ 6.Bxd2 b6 7.Bg5 Bb7 8.e3 d6
9.Bd3 Nbd7 10.O-O c5 11.Nd2 Qc7 12.Rc1 Rac8 13.b4 Rfe8 14.Qc2 h6 15.Bh4 Qc6
16.f3 d5 17.bxc5 bxc5 18.Nb3 dxc4 19.Qxc4 cxd4 20.Qxc6 Rxc6 21.Nxd4 Rb6 22.a4 e5
23.Nf5 Ba6 24.Bxa6 Rxa6 25.Rc7 Rxa4 26.Rb1 e4 27.f4 Ra5 28.Nd6 Rf8 29.h3 g5
30.fxg5 hxg5 31.Bg3 Nb6 32.Rf1 Nfd5 33.Rb7 Nxe3 34.Re1 Nf5 35.Nxf5 Rxf5 36.Rxe4 Rd8
37.Rxa7 Rd1+ 38.Re1 Rxe1+ 39.Bxe1  1/2-1/2

[Event "21st TCh-CRO 1a 2012"]
[Site "Sibenik CRO"]
[Date "2012.09.24"]
[Round "2.33"]
[White "Kozul,Z"]
[Black "Palac,M"]
[Result "1-0"]
[WhiteElo "2616"]
[BlackElo "2591"]

1.d4 Nf6 2.c4 e6 3.Nf3 Bb4+ 4.Nbd2 O-O 5.a3 Be7 6.Qc2 d5 7.b4 b6 8.Bb2 Bb7
9.c5 a5 10.e3 axb4 11.axb4 Nc6 12.Rxa8 Qxa8 13.Bc3 bxc5 14.dxc5 d4 15.exd4 Nd5
16.b5 Ncb4 17.Bxb4 Nxb4 18.Qb1 Bxf3 19.Nxf3 Qa3 20.Kd2 Rd8 21.Bc4 c6 22.Qa1 Qxa1
23.Rxa1 cxb5 24.Kc3 Nc6 25.Bxb5 Nxd4 26.Nxd4 Bxc5 27.Nc6  1-0

[Event "TCh-Moscow 2012"]
[Site "Moscow RUS"]
[Date "2012.09.26"]
[Round "2.4"]
[White "Demidov,M"]
[Black "Appolonov,S"]
[Result "1-0"]
[WhiteElo "2443"]
[BlackElo "2392"]

1.d4 Nf6 2.Nf3 e6 3.c4 Bb4+ 4.Nbd2 b6 5.g3 Bb7 6.Bg2 O-O 7.O-O c5 8.a3 Bxd2
9.Qxd2 Nc6 10.dxc5 bxc5 11.b4 Qb6 12.Rb1 d5 13.Bb2 Ne4 14.Qf4 cxb4 15.axb4 f6
16.Qg4 Rae8 17.b5 Na5 18.Bd4 Qd6 19.cxd5 Qxd5 20.Bxa7 Nc3 21.Rb2 Nxb5 22.Nh4 Qe5
23.Rfb1 Nxa7 24.Bxb7 f5 25.Qa4 Nxb7 26.Rxb7 Nc8 27.Qa6 Qd6 28.Qc4 Ne7 29.Nf3 Rc8
30.Qd4 Qxd4 31.Nxd4 Rfe8 32.Nxe6 Nd5 33.Nxg7 Rxe2 34.Nxf5 Rf8 35.g4 Nf4 36.Kf1 Rd2
37.Re7 h5 38.Ke1 Rfd8 39.Nh6+  1-0

[Event "21st TCh-CRO 1a 2012"]
[Site "Sibenik CRO"]
[Date "2012.09.26"]
[Round "4.41"]
[White "Avrukh,B"]
[Black "Fedorchuk,S"]
[Result "1/2-1/2"]
[WhiteElo "2596"]
[BlackElo "2646"]

1.d4 Nf6 2.c4 e6 3.Nf3 Bb4+ 4.Nbd2 O-O 5.a3 Be7 6.e4 d5 7.e5 Nfd7 8.Bd3 c5
9.h4 h6 10.Bb1 Re8 11.Qc2 Nf8 12.dxc5 a5 13.Nb3 Nbd7 14.Bf4 a4 15.Nbd4 Nxc5
16.Ba2 dxc4 17.Bxc4 Bd7 18.h5 b5 19.Be2 b4 20.O-O Qb6 21.Nd2 Rec8 22.Nc4  1/2-1/2

[Event "TCh-Moscow 2012"]
[Site "Moscow RUS"]
[Date "2012.09.29"]
[Round "3.3"]
[White "Gagarin,V"]
[Black "Reshetnikov,Al"]
[Result "1/2-1/2"]
[WhiteElo "2341"]
[BlackElo "2503"]

1.d4 Nf6 2.c4 e6 3.Nf3 Bb4+ 4.Nbd2 d5 5.Qa4+ Nc6 6.a3 Be7 7.e3 O-O 8.Qc2 Nb8
9.Bd3 Nbd7 10.b3 c5 11.O-O cxd4 12.exd4 dxc4 13.bxc4 b6 14.Bb2 Bb7 15.Ne5 Rc8
16.a4 g6 17.Ndf3 Nd5 18.Qd2 Nb4 19.Be2 Nf6 20.Rfd1 Ne4 21.Qf4 f6 22.Nd3 Qc7
23.Qxc7 Rxc7 24.a5 Rfc8 25.axb6 axb6 26.Nxb4 Bxb4 27.Rdc1 Kf7 28.Ba3 Bxa3
29.Rxa3 Bd5 30.Re1 Ba8 31.Bf1  1/2-1/2

[Event "Tatry Open 2012"]
[Site "Tatranske Zruby SVK"]
[Date "2012.09.30"]
[Round "9.25"]
[White "Ruzicka,P"]
[Black "Bakalar,J"]
[Result "1/2-1/2"]
[WhiteElo "2275"]
[BlackElo "2027"]

1.d4 Nf6 2.c4 e6 3.Nf3 Bb4+ 4.Nbd2 O-O 5.e3 Re8 6.Qc2 b6 7.Bd3 d5 8.a3 dxc4
9.Bxc4 Bf8 10.O-O Bb7  1/2-1/2

[Event "3rd Copa Latino-Americana"]
[Site "Cali COL"]
[Date "2012.10.05"]
[Round "3.21"]
[White "Pazos Gambarrotti,P"]
[Black "Torres,Saulo De Jesus"]
[Result "1-0"]
[WhiteElo "2271"]
[BlackElo "1899"]

1.d4 Nf6 2.Nf3 e6 3.c4 Bb4+ 4.Nbd2 O-O 5.e3 b6 6.Bd3 d5 7.O-O Bb7 8.Qc2 c5
9.e4 cxd4 10.cxd5 exd5 11.e5 Ne4 12.Nxe4 dxe4 13.Bxe4 Bxe4 14.Qxe4 Nd7 15.Nxd4 Bc5
16.Nf3 Re8 17.Bf4 Re6 18.Rad1 Rc8 19.Ng5 Rg6 20.Qf5 f6 21.Qe6+  1-0

[Event "TCh-SWE Elite 2012-13"]
[Site "Malmo SWE"]
[Date "2012.10.05"]
[Round "1"]
[White "Vernersson,P"]
[Black "Schneider,Stef"]
[Result "1/2-1/2"]
[WhiteElo "2362"]
[BlackElo "2312"]

1.d4 e6 2.c4 Bb4+ 3.Nd2 Nf6 4.Nf3 O-O 5.a3 Be7 6.e4 d5 7.cxd5 exd5 8.e5 Nfd7
9.Bd3 c5 10.dxc5 Nxc5 11.Bc2 Bg4 12.b4 Ne6 13.Bb2 Nc6 14.Qb1 Ng5 15.h4 Nxf3+
16.gxf3 Bh5 17.Bxh7+ Kh8 18.Bf5 Re8 19.f4 Bd6 20.Kf1 Nxe5 21.fxe5 Bxe5 22.Bxe5 Rxe5
23.Bd3 Qf6 24.Qc2 Rae8 25.Rc1 Qf4 26.Nb3 Bf3 27.Rh3 Qg4 28.Rh2 Qf4 29.Rh3 Qg4
30.Rh2 Qf4 31.Rh3 Qg4  1/2-1/2

[Event "TCh-Central SRB 2012"]
[Site "Vrnjacka Banja SRB"]
[Date "2012.10.06"]
[Round "10.1"]
[White "Chatalbashev,B"]
[Black "Milanovic,Sla"]
[Result "1-0"]
[WhiteElo "2549"]
[BlackElo "2426"]

1.d4 Nf6 2.c4 e6 3.Nf3 Bb4+ 4.Nbd2 b6 5.a3 Bxd2+ 6.Qxd2 Bb7 7.e3 a5 8.b3 O-O
9.Bb2 Qe7 10.Be2 Ne4 11.Qc2 f5 12.O-O d6 13.Rad1 Nd7 14.d5 e5 15.g3 c6 16.Nh4 g6
17.f3 Nef6 18.dxc6 Bxc6 19.Qd3 Ne8 20.b4 Ndf6 21.Bc3 axb4 22.Bxb4 Rd8 23.e4 fxe4
24.Qe3 exf3 25.Nxf3 Qc7 26.Ng5 Ng7 27.Rf2 h6 28.Rdf1 Qe7 29.Qxb6 Ba8 30.c5 Nd7
31.Rxf8+ Rxf8 32.Rxf8+ Nxf8 33.Nf3 dxc5 34.Bxc5 Qe8 35.Bxf8 Qxf8 36.Nxe5 Qf5
37.Bc4+ Kh7 38.Qb8 Ne6 39.Bxe6 Qxe6 40.Qa7+  1-0

[Event "3rd Copa Latino-Americana"]
[Site "Cali COL"]
[Date "2012.10.07"]
[Round "6.17"]
[White "Rosales,D"]
[Black "Beltran,C2"]
[Result "0-1"]
[WhiteElo "2062"]
[BlackElo "2210"]

1.d4 Nf6 2.c4 e6 3.Nf3 Bb4+ 4.Nbd2 O-O 5.a3 Be7 6.e4 d5 7.e5 Ne4 8.Bd3 Nxd2
9.Bxd2 dxc4 10.Bxc4 b6 11.Qe2 Bb7 12.O-O-O c5 13.dxc5 Qc7 14.Kb1 bxc5 15.h4 Nd7
16.Bc3 Nb6 17.Bd3 Rfd8 18.Ng5 Bxg5 19.hxg5 g6 20.Qg4 Nd5 21.Qc4 Nxc3+ 22.Qxc3 Rd4
23.Rde1 Bxg2 24.Rh2 Qb7 25.Bc2 Rb8 26.b3 Qf3 27.Qxf3 Bxf3 28.Rh3 Bd5 29.Kc1 c4
30.b4 Rg4 31.Rg3 Rf4 32.Re2 Kg7 33.Kb2 a5 34.Kc3 axb4+ 35.axb4 Ra8 36.b5 Rxf2
37.Rxf2 Ra3+ 38.Kb4 Rxg3 39.Kc5 Rxg5 40.Kd6 Rg2 41.Rxg2 Bxg2 42.Kc5 Bd5 43.b6 h5
44.Kd4 c3 45.Be4 Bxe4 46.Kxe4 c2 47.b7 c1=Q 48.b8=Q Qf1 49.Qb2  0-1

[Event "3rd Copa Latino-Americana"]
[Site "Cali COL"]
[Date "2012.10.07"]
[Round "6.3"]
[White "Almeida Quintana,O"]
[Black "Uribe,M"]
[Result "1-0"]
[WhiteElo "2520"]
[BlackElo "2343"]

1.d4 Nf6 2.c4 e6 3.Nf3 Bb4+ 4.Nbd2 b6 5.a3 Bxd2+ 6.Bxd2 Bb7 7.Bg5 h6 8.Bh4 d6
9.e3 Nbd7 10.Bd3 Qe7 11.b4 c5 12.O-O O-O 13.Bg3 cxb4 14.axb4 Ne4 15.Nd2 Nxg3
16.hxg3 a6 17.Nb3 Rfc8 18.e4 Qg5 19.Qc1 Qh5 20.Qe3 Rc7 21.f3 Rac8 22.Rac1 Qg6
23.Kf2 e5 24.d5 a5 25.bxa5 bxa5 26.Nxa5 Nc5 27.Be2 Ra8 28.Ra1 Qg5 29.Rfb1 Kf8
30.Rb6 Qxe3+ 31.Kxe3 Ke7 32.f4 f6 33.Bh5 Bc8 34.Rc6  1-0

[Event "St Petersburg Rapid Cup 2012"]
[Site "St Petersburg RUS"]
[Date "2012.10.07"]
[Round "9.1"]
[White "Shimanov,A"]
[Black "Zvjaginsev,V"]
[Result "1/2-1/2"]
[WhiteElo "2599"]
[BlackElo "2678"]

1.d4 e6 2.Nf3 Nf6 3.c4 Bb4+ 4.Nbd2 O-O 5.a3 Bxd2+ 6.Qxd2 b6 7.g3 Bb7 8.Bg2 c5
9.O-O cxd4 10.Qxd4 Nc6 11.Qh4 Rc8 12.b4 Ne7 13.Bb2 Nf5 14.Qf4 Qc7 15.Qxc7 Rxc7
16.Nd2 Bxg2 17.Kxg2 d5 18.Bxf6 gxf6 19.cxd5 exd5 20.Rfd1 Re8 21.Kf1 Nd4 22.e3 Nc2  1/2-1/2

[Event "TATA 50th ch-IND National Premier 2012"]
[Site "Kolkata IND"]
[Date "2012.10.10"]
[Round "9.4"]
[White "Swapnil,SD"]
[Black "Kunte,A"]
[Result "1/2-1/2"]
[WhiteElo "2459"]
[BlackElo "2518"]

1.d4 Nf6 2.c4 e6 3.Nf3 Bb4+ 4.Nbd2 b6 5.a3 Bxd2+ 6.Qxd2 Bb7 7.e3 d6 8.Be2 a5
9.b3 Nbd7 10.Bb2 O-O 11.O-O Qe7 12.Qc2 c5 13.Rac1 Be4 14.Qc3 Bb7 15.Qc2 Be4
16.Qc3 Bb7 17.Qc2 Be4 18.Qc3  1/2-1/2

[Event "NIT Nagpur GM Open 2012"]
[Site "Nagpur IND"]
[Date "2012.10.20"]
[Round "7.16"]
[White "Swapnil,SD"]
[Black "Swathi,G"]
[Result "0-1"]
[WhiteElo "2459"]
[BlackElo "2263"]

1.d4 Nf6 2.Nf3 e6 3.c4 Bb4+ 4.Nbd2 d5 5.a3 Be7 6.e3 O-O 7.Bd3 b6 8.O-O Bb7
9.b3 Nbd7 10.Bb2 c5 11.Qe2 Rc8 12.Rfd1 Qc7 13.Rac1 Qb8 14.cxd5 Nxd5 15.Ne5 N7f6
16.dxc5 Bxc5 17.b4 Be7 18.Ba6 Rxc1 19.Rxc1 Rc8 20.Rxc8+ Qxc8 21.Bxb7 Qxb7
22.b5 Ne8 23.e4 Ndc7 24.Nc6 Bf8 25.Qd3 Qc8 26.a4 a6 27.Be5 axb5 28.axb5 f6
29.Bf4 e5 30.Be3 Nd6 31.Nc4 Ncxb5 32.Qd5+ Kh8 33.Nxb6 Qa6 34.f3 Nc3  0-1

[Event "5th Douglas Martinez"]
[Site "Guarenas VEN"]
[Date "2012.10.26"]
[Round "3.4"]
[White "Dobrov,V"]
[Black "Papin,V"]
[Result "0-1"]
[WhiteElo "2481"]
[BlackElo "2552"]

1.d4 Nf6 2.c4 e6 3.Nf3 Bb4+ 4.Nbd2 O-O 5.a3 Be7 6.g4 Nxg4 7.e4 f5 8.h3 Nh6
9.Bd3 d5 10.exd5 exd5 11.cxd5 Nf7 12.b4 Re8 13.Qb3 a5 14.Kd1 Bd6 15.bxa5 Nd7
16.Nc4 Nf6 17.Ng5 Ne4 18.Bxe4 Nxg5 19.Bg2 Ne4 20.Ra2 Qf6 21.Re2 Qxd4+ 22.Kc2 Bd7
23.Bb2 Qxd5 24.Rg1 Be6 25.Bxe4 Qxc4+ 26.Qxc4 Bxc4 27.Re3 fxe4 28.Rxg7+ Kf8  0-1

[Event "4th Marcel Duchamp Premier"]
[Site "Buenos Aires ARG"]
[Date "2012.10.27"]
[Round "5"]
[White "Gaitan,Juan Manuel"]
[Black "Leon,Ju"]
[Result "1-0"]
[WhiteElo "2266"]
[BlackElo "2265"]

1.d4 Nf6 2.c4 e6 3.Nf3 Bb4+ 4.Nbd2 c5 5.a3 Bxd2+ 6.Qxd2 cxd4 7.Qxd4 Nc6 8.Qd6 Qe7
9.Qxe7+ Kxe7 10.b4 b6 11.Bb2 Bb7 12.e3 Rac8 13.Be2 d6 14.O-O Nd7 15.Rfc1 e5
16.Ne1 Rc7 17.Nd3 Rhc8 18.c5 dxc5 19.bxc5 Ba6 20.cxb6 Nxb6 21.a4 f6 22.a5 Nd7
23.Ba3+ Ke8 24.Bd6 Rb7 25.Nxe5 Bxe2 26.Nxc6 a6 27.f3 Bb5 28.Nd4 Rxc1+ 29.Rxc1 Ne5
30.Bxe5 fxe5 31.Nf5 Rd7 32.Rc5 Kf7 33.Rxe5 Rd1+ 34.Kf2 Ra1 35.g4 Rxa5 36.Re7+ Kf6
37.Rxg7 Ra2+ 38.Kg3 h5 39.e4  1-0

[Event "TCh-SVK Extraliga 2012-13"]
[Site "Slovakia SVK"]
[Date "2012.10.27"]
[Round "1.6"]
[White "Markos,J"]
[Black "Macak,S"]
[Result "1-0"]
[WhiteElo "2581"]
[BlackElo "2379"]

1.d4 Nf6 2.c4 e6 3.Nf3 Bb4+ 4.Nbd2 O-O 5.a3 Bxd2+ 6.Bxd2 b6 7.Bg5 Bb7 8.e3 d6
9.Be2 Nbd7 10.O-O h6 11.Bh4 g5 12.Bg3 Ne4 13.Nd2 Nxd2 14.Qxd2 f5 15.b4 Qf6
16.f3 h5 17.c5 h4 18.Be1 Qg6 19.Bb5 Nf6 20.c6 Bc8 21.Qc2 Nd5 22.Bd2 e5 23.Bc4 Be6
24.e4 fxe4 25.Qa2 e3 26.Bxd5 exd2 27.Bxe6+ Kg7 28.Rad1 Rf6 29.Bd5  1-0

[Event "16th OIBM 2012"]
[Site "Bad Wiessee GER"]
[Date "2012.10.31"]
[Round "5.18"]
[White "Graf,A"]
[Black "Babar,M"]
[Result "1-0"]
[WhiteElo "2605"]
[BlackElo "2208"]

1.d4 Nf6 2.c4 e6 3.Nf3 Bb4+ 4.Nbd2 O-O 5.a3 Bxd2+ 6.Bxd2 d6 7.Bg5 h6 8.Bh4 Qe7
9.e3 Nbd7 10.Be2 e5 11.Qc2 Re8 12.O-O e4 13.Nd2 g5 14.Bg3 Nf8 15.Rae1 Ng6
16.f3 Bf5 17.fxe4 Bxe4 18.Qc3 d5 19.cxd5 Bxd5 20.Bd1 c6 21.e4 Nxe4 22.Nxe4 Bxe4
23.Bc2 f5 24.Rxe4 fxe4 25.Bb3+ Kg7 26.d5+ Kh7 27.d6  1-0

[Event "16th OIBM 2012"]
[Site "Bad Wiessee GER"]
[Date "2012.10.31"]
[Round "5.7"]
[White "Parligras,M"]
[Black "Belezky,A"]
[Result "1-0"]
[WhiteElo "2633"]
[BlackElo "2417"]

1.d4 Nf6 2.c4 e6 3.Nf3 Bb4+ 4.Nbd2 b6 5.a3 Bxd2+ 6.Qxd2 Bb7 7.e3 d6 8.Be2 O-O
9.O-O a5 10.b3 Nbd7 11.Bb2 Ne4 12.Qc2 f5 13.d5 e5 14.Nd2 Nxd2 15.Qxd2 Nc5
16.Qc2 Qe8 17.Rad1 Bc8 18.b4 Qa4 19.Qxa4 Nxa4 20.Ba1 f4 21.exf4 Rxf4 22.g3 Rf7
23.Kg2 Bd7 24.Rc1 Raf8 25.h4 Re7 26.Bd1 Ref7 27.f3 Ra8 28.Re1 Raf8 29.Re3 Ra8
30.c5 axb4 31.c6 Be8 32.axb4 Rf8 33.f4 exf4 34.gxf4 Bf7 35.Bf3 Rfe8 36.Rce1 Rxe3
37.Rxe3 Kf8 38.Bd4 Rb8 39.Be4 Re8 40.Kf2 b5 41.Bg2 Ra8 42.f5 Bh5 43.Bf3 Bxf3
44.Kxf3 Kf7 45.Kf4 Rg8 46.h5 Kf8 47.Rg3 Kf7 48.Rg2 Kf8 49.h6 gxh6 50.Rxg8+ Kxg8
51.Kg4 Kf7 52.Kh5 Kf8 53.Kxh6 Kg8 54.f6 Kf8 55.Kxh7 Kf7 56.Kh6  1-0

[Event "Vizag GM Open 2012"]
[Site "Visakhapatnam IND"]
[Date "2012.10.31"]
[Round "8.15"]
[White "Murali Krishnan,B"]
[Black "Minhazuddin,A"]
[Result "0-1"]
[WhiteElo "2329"]
[BlackElo "2407"]

1.d4 Nf6 2.c4 e6 3.Nf3 Bb4+ 4.Nbd2 b6 5.a3 Bxd2+ 6.Qxd2 Bb7 7.e3 Ne4 8.Qc2 f5
9.Be2 O-O 10.O-O Rf6 11.Bd3 Rg6 12.Ne1 Qh4 13.f3 Rh6 14.h3 Ng5 15.e4 f4 16.Rf2 Nc6
17.Qc3 e5 18.Nc2 d6 19.Kf1 Bc8 20.b4 Qg3 21.c5 d5 22.exd5 Bxh3 23.gxh3 exd4
24.Nxd4 Nxd4 25.Qxd4 Re8 26.Qxf4 Qxh3+ 27.Rg2 Rf6 28.Qxf6 gxf6 29.Bxg5 fxg5
30.Be4 g4 31.Kg1 h5 32.Rf1 g3 33.Rd1 bxc5 34.bxc5 h4 35.d6 cxd6 36.cxd6 Rd8
37.Rd5 Kf7 38.Bf5 Re8 39.Re2 Qh2+ 40.Rxh2 Re1+ 41.Kg2 Re2+ 42.Kf1 gxh2 43.Kxe2 h1=Q
44.d7 Qg2+ 45.Ke3 Qg1+ 46.Kf4 Qg3+ 47.Ke4 Qe1+ 48.Kd4 Qa1+ 49.Ke4 Qe1+ 50.Kd3 Qd1+
51.Kc3 Qxd5  0-1

[Event "16th OIBM 2012"]
[Site "Bad Wiessee GER"]
[Date "2012.11.01"]
[Round "6.5"]
[White "Nyzhnyk,I"]
[Black "Eingorn,V"]
[Result "1/2-1/2"]
[WhiteElo "2620"]
[BlackElo "2550"]

1.d4 e6 2.c4 Bb4+ 3.Nd2 Nf6 4.Nf3 O-O 5.a3 Be7 6.e4 d6 7.b3 e5 8.d5 Nbd7
9.Bd3 a5 10.O-O Nh5 11.Bc2 g6 12.Rb1 Ng7 13.b4 axb4 14.axb4 f5 15.Bb2 Nf6
16.Re1 fxe4 17.Nxe4 Nxe4 18.Bxe4 Bf5 19.Nd2 Bg5 20.c5 Bxd2 21.Qxd2 Bxe4 22.Rxe4 Nh5
23.b5 b6 24.cxd6 cxd6 25.Rc4 Nf4 26.Bc3 Ra3 27.f3 Qg5 28.Kh1 Qf5 29.Rd1 Rfa8
30.Re4 R8a4 31.Rxa4 Rxa4 32.Bb4 Qd3 33.Qc1 Qe2 34.Rd2 Qxb5 35.Bxd6 Qc4 36.Rd1  1/2-1/2

[Event "TCh-NOR Eliteserien 2012-13"]
[Site "Haraldsheim NOR"]
[Date "2012.11.02"]
[Round "4"]
[White "Borchgrevink,H"]
[Black "Holm,Kristian Stuvik"]
[Result "1/2-1/2"]
[WhiteElo "2280"]
[BlackElo "2274"]

1.d4 Nf6 2.Nf3 e6 3.c4 Bb4+ 4.Nbd2 b6 5.g3 Bb7 6.Bg2 O-O 7.O-O Bxd2 8.Bxd2 d6
9.Rc1 Nbd7 10.b4 Be4 11.c5 b5 12.a4 a6 13.a5 Re8 14.Qb3 Nf8 15.Rfd1 Ng6 16.Qb2 h6
17.Ne1 Bxg2 18.Nxg2 d5 19.Nf4 Nxf4 20.Bxf4 Nh5 21.Bd2 f5 22.Qb3 Re7 23.Qf3 Qe8
24.Bf4 Kh7 25.Be5 Qg6 26.Qd3 Nf6 27.f3 c6 28.Kh1 Nd7 29.Bd6 Rf7 30.Rg1 Re8
31.Qe3 Qf6 32.f4 Qg6 33.Be5 Nxe5 34.Qxe5 Qf6 35.Qe3 g5 36.Rcf1 g4 37.Rf2 h5
38.h4 Kg6 39.Kg2  1/2-1/2

[Event "TCh-AUT 2012-13"]
[Site "Hohenems AUT"]
[Date "2012.11.02"]
[Round "1.4"]
[White "Moser,Gue"]
[Black "Zorko,Ju"]
[Result "0-1"]
[WhiteElo "2356"]
[BlackElo "2476"]

1.d4 Nf6 2.c4 e6 3.Nf3 Bb4+ 4.Nbd2 d5 5.Qa4+ Nc6 6.a3 Bxd2+ 7.Bxd2 Ne4 8.e3 O-O
9.Qc2 Bd7 10.Bd3 f5 11.O-O Be8 12.b4 Bh5 13.Ne1 a6 14.Bc1 Kh8 15.b5 Na5 16.bxa6 b6
17.cxd5 exd5 18.Qa2 c5 19.f3 Ng5 20.dxc5 bxc5 21.Bb5 c4 22.Nc2 Nb3 23.Nd4 Nxd4
24.exd4 Ne6 25.Be3 Be8 26.a4 f4 27.Bf2 Nc7 28.Qa3 Bg6 29.Rfe1 Nxa6 30.Bc6 Rb8
31.Bb5 Qb6 32.Qe7 Nc7 33.Bd7 Rf7 34.a5 Qa6 35.Qe5 Rxd7 36.Qxf4 Qf6 37.Qd2 Nb5
38.Bg3 Ra8 39.Be5 Qc6 40.h4 Kg8 41.Qg5 Bd3 42.Qg4 Rf7 43.h5 Bf5 44.Qh4 h6
45.g4 Bd3 46.Re3 Qd7 47.f4 Qa7 48.Qf2 Be4 49.Rg3 Qe7 50.Rh3 c3 51.g5 c2 52.Qd2 Nd6
53.gxh6 Nc4  0-1

[Event "22nd Caen Alekhine Open A"]
[Site "Caen FRA"]
[Date "2012.11.04"]
[Round "7.3"]
[White "Godart,F"]
[Black "Marie,M"]
[Result "1-0"]
[WhiteElo "2319"]
[BlackElo "2169"]

1.d4 Nf6 2.c4 e6 3.Nf3 Bb4+ 4.Nbd2 b6 5.a3 Bxd2+ 6.Qxd2 Bb7 7.e3 d6 8.Be2 Nbd7
9.b4 a5 10.Bb2 Ne4 11.Qc2 axb4 12.axb4 Rxa1+ 13.Bxa1 O-O 14.O-O f5 15.d5 e5
16.Bd3 b5 17.c5 Bxd5 18.Bxb5 Ndf6 19.Bc4 Bxc4 20.Qxc4+ Kh8 21.h3 Qe8 22.cxd6 cxd6
23.b5 Qb8 24.Qb4 Nd7 25.Rb1 Rc8 26.Nd2 Ndc5 27.f3 Nd3 28.Qa5 Ng3 29.b6 f4
30.exf4 Ne2+ 31.Kh2 Rf8 32.b7 Nexf4 33.Nc4 d5 34.Qa3 Kg8 35.Na5 Nxg2  1-0

[Event "TCh-NOR Eliteserien 2012-13"]
[Site "Haraldsheim NOR"]
[Date "2012.11.04"]
[Round "3"]
[White "Hammer,J"]
[Black "Miezis,N"]
[Result "1/2-1/2"]
[WhiteElo "2633"]
[BlackElo "2595"]

1.d4 Nf6 2.c4 e6 3.Nf3 Bb4+ 4.Nbd2 d5 5.Qa4+ Nc6 6.a3 Bxd2+ 7.Bxd2 Ne4 8.e3 O-O
9.Rd1 Bd7 10.Qc2 f5 11.Bc1 a5 12.Be2 a4 13.O-O Qe7 14.Nd2 Nd6 15.Bf3 Qf7
16.g3 Rfc8 17.Bg2 Ne7 18.cxd5 Nxd5 19.Rfe1 c5 20.dxc5 b6 21.e4 Rxc5 22.Qb1 fxe4
23.Nxe4 Nxe4 24.Bxe4 h6 25.Be3 Nxe3 26.Rxe3 Bc6 27.Bxc6 Rxc6 28.Qe4 Rf8 29.Rd2 Rd6
30.Rde2 Qd7 31.Kg2 Rf5 32.h4 b5 33.Rc2 Rf8 34.Kh3 Kh8 35.Qg4 Rc6 36.Qe4 Rxc2
37.Qxc2 Qd5 38.Kh2 Rf3 39.Re2 Qf5 40.Qxf5 exf5 41.Kg2 Rb3 42.h5 Kg8 43.f4 Kf7
44.Kh2 Kf6 45.Kh3 Rd3  1/2-1/2

[Event "TCh-AUT 2012-13"]
[Site "Hohenems AUT"]
[Date "2012.11.04"]
[Round "3.5"]
[White "Hoelzl,F"]
[Black "Poetz,F"]
[Result "1-0"]
[WhiteElo "2334"]
[BlackElo "2411"]

1.d4 Nf6 2.c4 e6 3.Nf3 Bb4+ 4.Nbd2 b6 5.g3 Bb7 6.Bg2 O-O 7.O-O d5 8.cxd5 exd5
9.Ne5 Bd6 10.Ndc4 Be7 11.Bg5 h6 12.Bxf6 Bxf6 13.Rc1 Re8 14.Ng4 Be7 15.Nce3 c6
16.Ne5 Bf6 17.f4 Qd6 18.Qb3 Nd7 19.Nf5 Qe6 20.Bh3 Bxe5 21.fxe5 Nf8 22.Qf3 Ba6
23.Nxg7 Qxh3 24.Qxf7+ Kh8 25.Nxe8  1-0

[Event "US Chess League 2012"]
[Site "ICC INT"]
[Date "2012.11.05"]
[Round "10"]
[White "Ginsburg,M"]
[Black "Jones,Cr"]
[Result "1/2-1/2"]
[WhiteElo "2358"]
[BlackElo "2175"]

1.d4 Nf6 2.c4 e6 3.Nf3 Bb4+ 4.Nbd2 b6 5.e3 Bb7 6.Be2 O-O 7.O-O c5 8.Nb3 cxd4
9.exd4 d5 10.c5 bxc5 11.dxc5 Nbd7 12.Qd4 a5 13.a3 e5 14.Nxe5 Nxe5 15.axb4 Nc6
16.Qh4 axb4 17.Bg5 Re8 18.Rxa8 Bxa8 19.Bxf6 Qxf6 20.Qxf6 gxf6 21.Bb5 Rc8
22.Bxc6 Rxc6 23.Ra1 Bb7 24.f3 d4 25.Kf2 Bc8 26.Rc1 d3 27.Ke3 Re6+ 28.Kxd3 Ba6+
29.Kd4 Re2 30.Ra1 Rxb2 31.Rxa6 Rxb3 32.Kd5 Kf8 33.c6 Rc3 34.Rb6 b3 35.Kd6 Rd3+
36.Kc7 Ke7 37.Kb7 Rc3 38.Rb4 Kd6 39.Rb6 Ke7 40.f4 h5 41.g3 Kd6 42.h3 Ke7
43.g4 hxg4 44.hxg4 Kd6 45.g5 f5 46.c7+ Kd7 47.c8=Q+ Rxc8 48.Rxb3 Rc4 49.Rb6 Rxf4
50.Rf6 Ke7 51.Kc6 Rd4 52.Rxf5  1/2-1/2

[Event "WY GU16 2012"]
[Site "Maribor SLO"]
[Date "2012.11.08"]
[Round "1.19"]
[White "Janzelj,Lara"]
[Black "Shamatava,A"]
[Result "0-1"]
[WhiteElo "1775"]
[BlackElo "2072"]

1.d4 Nf6 2.Nf3 e6 3.c4 Bb4+ 4.Nbd2 O-O 5.a3 Bxd2+ 6.Bxd2 b6 7.e3 Bb7 8.Bd3 Ne4
9.Bb4 d6 10.Qc2 f5 11.O-O-O a5 12.Bc3 Nd7 13.Ne1 Nxc3 14.Qxc3 c5 15.f3 d5
16.Kb1 Qe7 17.cxd5 exd5 18.Bb5 c4 19.h4 Nf6 20.a4 Ba6 21.Bxa6 Rxa6 22.Nc2 Qd7
23.Qa3 b5 24.axb5 Qxb5 25.Rhg1 Rb6 26.Ka1 Rfb8 27.Rb1 Qc6 28.Rgc1 Rb3 29.Qa2 c3
30.Na3 cxb2+ 31.Qxb2 Qa4 32.Rc8+ Kf7  0-1

[Event "WY BU16 2012"]
[Site "Maribor SLO"]
[Date "2012.11.09"]
[Round "2.12"]
[White "Neef,M"]
[Black "Ebeling,D"]
[Result "1-0"]
[WhiteElo "2132"]
[BlackElo "2359"]

1.d4 Nf6 2.c4 e6 3.Nf3 Bb4+ 4.Nbd2 d5 5.Qc2 O-O 6.a3 Be7 7.g3 b6 8.Bg2 Bb7
9.Ne5 c5 10.Ndf3 dxc4 11.Qxc4 Bd5 12.Qa4 cxd4 13.O-O Qc7 14.Bf4 Qb7 15.Rac1 Rd8
16.Nxf7 Kxf7 17.Ng5+ Kg8 18.Rc7 Qa6 19.Qxa6 Nxa6 20.Rxe7 Re8 21.Rxe8+ Rxe8
22.Be5 Bc4 23.Bxd4 Bxe2 24.Re1 Bc4 25.Bh3 h6 26.Bxf6 gxf6 27.Ne4 Rf8 28.Nd6 Bd5
29.Bxe6+ Bxe6 30.Rxe6 Nc5 31.Re7 a5 32.b4 axb4 33.axb4 Nd3 34.b5 Rd8 35.Re6 Nc5
36.Rxf6 Kg7 37.Rxh6 Rf8 38.Rh4 Rd8 39.Nc4 Rd1+ 40.Kg2 Rb1 41.Nxb6 Rxb5 42.Rh5 Kg6
43.Rd5 Rxb6 44.Rxc5  1-0

[Event "WY GU16 2012"]
[Site "Maribor SLO"]
[Date "2012.11.09"]
[Round "2.34"]
[White "Leonardi,Caterina"]
[Black "Barbier,Astrid"]
[Result "0-1"]
[WhiteElo "1869"]
[BlackElo "1733"]

1.d4 Nf6 2.c4 e6 3.Nf3 Bb4+ 4.Nbd2 O-O 5.e3 b6 6.Bd3 Bb7 7.O-O Be7 8.b3 d6
9.Bb2 c5 10.Qe2 Nc6 11.Rad1 Qc7 12.Ne4 cxd4 13.exd4 Nb4 14.Nxf6+ Bxf6 15.Bb1 Rfe8
16.a3 Nc6 17.Rfe1 Na5 18.Nd2 d5 19.cxd5 Bxd5 20.Ne4 Be7 21.Rd3 f5 22.Nd2 Qb7
23.Rg3 Bd6 24.Rg5 Bf4 25.Rh5 Bxg2 26.b4 Bxd2 27.Qxd2 Nc4 28.Qc3 Nxb2 29.Qxb2 Bf3
30.Rh3 Rad8 31.Qb3 Bd5 32.Qg3 Qf7 33.Qh4 g6 34.Bd3 Rc8 35.Ba6 Rc2 36.Qf4 Qd7
37.Rg3 b5 38.a4 bxa4 39.h4 Qc7 40.Qh6 Qg7 41.Qe3 Rf8 42.Qf4 Rb2 43.h5 Rxb4
44.Rd1 Bb3 45.Rd2 a3 46.h6 Qf6 47.Kh2 a2 48.Rg1 Ra4  0-1

[Event "Brno Open 2012"]
[Site "Brno CZE"]
[Date "2012.11.10"]
[Round "1"]
[White "Snorek,M"]
[Black "Doskar,Miloslav"]
[Result "1-0"]
[WhiteElo "2173"]
[BlackElo "1728"]

1.d4 Nf6 2.Nf3 e6 3.c4 Bb4+ 4.Nbd2 O-O 5.g3 b6 6.Bg2 Bb7 7.O-O d5 8.a3 Be7
9.cxd5 Nxd5 10.Qc2 Nd7 11.Nc4 c5 12.dxc5 Nxc5 13.b4 Nd7 14.Bb2 Rc8 15.Qb3 Ba6
16.Rac1 Bxc4 17.Rxc4 Rxc4 18.Qxc4 Bf6 19.Bxf6 N5xf6 20.Rc1 Qb8 21.Nd4 Ne5
22.Qc7 h6 23.h3 Rd8 24.Qxb8 Rxb8 25.f4 Ng6 26.Rc7 Rd8 27.e3 a5 28.bxa5 bxa5
29.Rc5 a4 30.Ra5 Ne7 31.Rxa4 Nfd5 32.Kf2 g5 33.Ra7 Kf8 34.a4 gxf4 35.gxf4 Nxf4
36.Rxe7 Nxg2 37.Kxg2 Kxe7 38.Nc6+ Kd7 39.Nxd8 Kxd8 40.Kf3 Kc7 41.Kg4 f5+
42.Kf4 Kd6 43.a5  1-0